| 000 | 00384nam a2200133 a 4500 | ||
|---|---|---|---|
| 001 | 000035732 | ||
| 005 | 20200930074552.0 | ||
| 008 | 111109s1975 es a 000 0 spa d | ||
| 040 |
_aDO-SdBNP _bspa _cBNPHU |
||
| 245 | 0 | 0 |
_aDécouverte des grands sites archéologiques / _cGuy Annequin...[et al]. |
| 260 |
_aGenova : _bFamot, _c1975. |
||
| 300 |
_a187 p. : _bil., 28 lam. |
||
| 049 | _aBNPD | ||
| 999 |
_c35223 _d35223 |
||